000 03714cam a22013094i 4500
003 PE-LiUPU
005 20250813185427.0
008 190121s2018 ck a rb 000 0 spa d
020 _a9587627563
020 _a9789587627565
035 _a(Sirsi) a251396
040 _aPE-LiUPU
_bspa
_cPE-LiUPU
_erda
049 _aPRUA
082 0 4 _a370.7
_bM26
082 0 4 _a303.69
_bM26
_220
100 1 _aMarí Mollá, Ricard,
_eautor.
245 1 0 _aFacilitar las relaciones grupales y resolver los conflictos :
_bPropuesta desde el enfoque centrado en la persona de Carl Rogers /
_cRicard Marí Molla.
250 _aPrimera edición.
264 1 _aColombia :
_bCCS de la U,
_c2018.
300 _a259 páginas :
_bilustraciones ;
_c24 centímetros.
336 _atext
_2rdacontent
337 _aunmediated
_2rdamedia
338 _avolume
_2rdacarrier
490 0 _aEducación
504 _aBibliografía : páginas 351-357
505 0 _aEnfoque Centrado en la persona -- Los fundamentos teóricos- Cientificos del enfoque centrado en la persona (ECP) -- Teoría de la personaldad y de la conducta -- Condiciones de la relación interpersonal -- El recurso de las técnicas -- Crear un clima facilitador en los grupos para resolver conflictos.
526 _aP202
526 _aP201
526 _aP163
526 _aP162
526 _aP161
526 _aP160
526 _aP148
526 _aP147
526 _aP146
526 _aP145
526 _aP144
526 _aP143
526 _aP142
526 _aP141
526 _aP140
526 _aP139
526 _aP138
526 _aP137
526 _aP136
526 _aP135
526 _aP134
526 _aP133
526 _aP129
526 _aP128
526 _aP127
526 _aP120
526 _aP119
526 _aP118
526 _aP116
526 _aP115
526 _aP114
526 _aP110
526 _aP109
526 _aP108
526 _aP104
526 _aP103
526 _aP102
526 _aP99
526 _aP98
526 _aP97
526 _aP96
526 _aP95
526 _aP93
526 _aP90
526 _aP89
526 _aP88
526 _aP83
526 _aP82
526 _aP62
526 _aP59
526 _aP58
526 _aP57
526 _aP51
526 _aP49
526 _aP48
526 _aP47
526 _aP29
526 _aP24
526 _aP20
526 _aP19
526 _aP17
526 _aP15
526 _aP14
526 _aP12
526 _aP10
526 _aP09
526 _aP08
526 _aP07
526 _aP06
526 _aP05
526 _aP04
526 _aP01
541 _gF002-00000832;
541 _g002-00001571;
650 0 4 _aEducación.
650 0 4 _aPedagogía.
650 0 4 _aEnfoque centrado en la persona.
910 _abgr
_bncf
_cncf
_d20190813
942 _2ddc
_cBOOK
949 _a370.7 M26 2018
_wDEWEY
_c1
_iFJ12378
_lCCODEBUJ1
_mBUJ
_p24.00
_r0
_sY
_tBOOK
_u2019-01-21
_xSALUD
_zPSICOLOGÍA
_0COMPRA
_o.STAFF. Colección General Juliaca
994 _aCO
_bPEPRU
596 _a1 3
598 _aCATALOGING
999 _a370.7 M26 2018
_wDEWEY
_c30802
_iFJ12378
_f2022-1-18
_g2
_lCCODEBUJ1
_mBUJ
_p24.00
_r0
_sY
_tBOOK
_u2019-1-21
_xSALUD
_zP33
_0COMPRA
_1FCOMPR2
_o.STAFF. Colección General Juliaca
_d30802
999 _a303.69 M26
_wDEWEY
_c1
_i80145
_f2021-11-3
_g3
_lCCODEBUL1
_mBUL
_p21.28
_r0
_sY
_tBOOK
_u2019-8-13
_xSALUD
_zP33
_0COMPRA
_1FCOMPR3
_o.STAFF. Colección Ciencias de la Salud
980 _81
_gALBERTO SANCHEZ Responsable de Automatización